|
|
|
|
| LEADER |
00824nam a2200181 a 4500 |
| 008 |
091223b ii a b 001 0 eng d |
| 040 |
|
|
|a BD-DhAAL
|c BD-DhAAL
|
| 082 |
0 |
4 |
|a 301.2/07/12
|2 22
|
| 100 |
1 |
|
|a Vatsyayan
|2 22
|
| 245 |
0 |
0 |
|a Anthropology :
|b Social and Cultural /
|c Vatsyayan
|
| 260 |
|
|
|a New Delhi :
|b Kedar Nath Ram Nath.
|
| 300 |
|
|
|a 283 p. ;
|c 25 cm.
|
| 541 |
1 |
|
|e 00010863
|
| 650 |
|
0 |
|a Anthropology
|a Societies
|
| 852 |
4 |
|
|a Ayesha Abed Library
|j General shelf
|
| 999 |
|
|
|c 6371
|d 6371
|
| 952 |
|
|
|0 0
|1 0
|2 ddc
|4 0
|6 301_207120000000000_VAT
|7 0
|9 6429
|a BRACUL
|b BRACUL
|c GEN
|d 2009-12-24
|g 117.00
|l 6
|m 5
|o 301.20712 VAT
|p 3010010863
|r 2019-10-30
|s 2019-07-02
|t 1
|w 2009-12-24
|y BK
|
| 952 |
|
|
|0 0
|1 0
|2 ddc
|4 0
|6 301_207120000000000_VAT
|7 0
|9 13573
|a BRACUL
|b BRACUL
|c GEN
|d 2010-12-09
|l 4
|m 23
|o 301.20712 VAT
|p 3010008115
|r 2025-04-10
|s 2025-02-20
|t 2
|w 2010-12-09
|y BK
|